01260cam a22002651 450000100060000000300080000600500170001400800390003103500180007003500180008804000410010604100080014708200200015524500950017525000120027026001190028230000260040150400400042750503100046765000270077770000360080494200120084099900170085295201250086937743BD-RjUL20211209052638.0720128r19681964ne b 000 0 eng a(BD-RjUL)2383 a(OCoLC)230014 aDLCcODaWUdOCoLCdDLCdBD-RjULbeng aeng 219a338.9 bECO00aEconomic policy in our time /c[by] E. S. Kirschen [and others]nVol. 2. pCountry studies a1st ed. aAmsterdam :bNorth-Holland Pub. Co.; [sole distributors for U.S.A.: Rand McNally,Chicago]cc1964 [reprinted 1968]. avii, 223 p. ;c23 cm. aIncludes biblographical references.0 av. 1. General theory, by E. S. Kirschen, and others.--v. 2. Country studies: United States, by O. Eckstein. United Kingdom, by F. Blackaby. Norway, by J. Faaland.--v. 3. Country studies: Belgium, by L. Morissens. Germany, by H. Besters. Netherlands, by F. Hartog. France, by J. Benard. Italy, by E. Tosco. 0aEconomic policy.976301 aKirschen, Étienne Sadi.97631 2ddccBK c37743d37743 00102ddc40718NFICaRUCLbRUCLcReadingd2015-05-10l0o338.9 ECO V-2 1968r2015-05-10 00:00:00tC-1w2021-12-09yBK